Fundamentos filosóficos de la teología moral católica / (Registro nro. 124199)

Detalles MARC
000 -LEADER
campo de control de longitud fija 00760nam a2200217 i 4500
001 - NÚMERO DE CONTROL
campo de control 124199
003 - IDENTIFICADOR DE NÚMERO DE CONTROL
campo de control ES-MaACL
005 - FECHA Y HORA DE LA ÚLTIMA TRANSACCIÓN
campo de control 20250823021525.0
007 - CAMPO FIJO DE DESCRIPCIÓN FÍSICA--INFORMACIÓN GENERAL
campo de control de longitud fija t|
008 - DATOS DE LONGITUD FIJA--INFORMACIÓN GENERAL
campo de control de longitud fija 070214s1964 sp r ||||1| spa d
100 1# - ENTRADA PRINCIPAL--NOMBRE DE PERSONA
Nombre de persona Reding, Marcel.
9 (RLIN) 95798
245 10 - MENCIÓN DEL TÍTULO
Título Fundamentos filosóficos de la teología moral católica /
Mención de responsabilidad, etc. Marcel Reding ; traducción de Juan José de Bergareche.
260 ## - PUBLICACIÓN, DISTRIBUCIÓN, ETC.
Lugar de publicación, distribución, etc. Madrid :
Nombre del editor, distribuidor, etc. Rialp,
Fecha de publicación, distribución, etc. 1964.
300 ## - DESCRIPCIÓN FÍSICA
Extensión 235 p. ;
Dimensiones 22 cm.
490 1# - MENCIÓN DE SERIE
Mención de serie Enciclopedia de la ética y moral cristianas ;
Designación de volumen o secuencia 2
650 #7 - PUNTO DE ACCESO ADICIONAL DE MATERIA--TÉRMINO DE MATERIA
Término de materia o nombre geográfico como elemento de entrada Moral cristiana
Fuente del encabezamiento o término embne
9 (RLIN) 142371
700 1# - ENTRADA AGREGADA--NOMBRE PERSONAL
Nombre de persona Bergareche, Juan José de.
9 (RLIN) 27936
830 0# - PUNTO DE ACCESO ADICIONAL DE SERIE-TÍTULO UNIFORME
Título uniforme Enciclopedia de la ética y moral cristianas ;
Designación de volumen o secuencia 2
9 (RLIN) 187151
852 ## - LOCALIZACIÓN
Ubicación ES-MaACL
Número de control de estantería C-25612
Sublocalización o colección R.54368
Existencias
Estatus retirado Estado de pérdida Estado de daño No para préstamo Biblioteca de origen Biblioteca actual Ubicación en estantería Fecha de adquisición Fuente de adquisición Total de préstamos Signatura topográfica completa Código de barras Visto por última vez Precio de reemplazo Tipo de ítem Koha
        Biblioteca del Ateneo de Madrid Biblioteca del Ateneo de Madrid Depósito 2 17/01/2008     C-25612 1129389 23/02/2023 23/02/2023 Libro impreso